000 00438nam a22001817a 4500
003 MPLRDC
005 20220104143821.0
008 210129b ||||| |||| 00| 0 eng d
020 _a957-719-007-8
082 _a857.62 LYCQ v.8
100 _a宁采臣
245 _a吸血鬼惊魂
_c
260 _a
_b耀文图书公司
_c1992
300 _b
490 _a灵异传奇. 8
650 _a灵异小说
942 _cBK
_o857.62 LYCQ v.8
999 _c43638
_d43628